000 00772nam a2200217Ia 4500
003 GCL
008 140319s9999 xx 000 0 ara d
040 _aGCL /
_cGCL
082 0 4 _aق
_b371.00953
_bع ت
100 1 _aعبدالعظيم رمضان
245 1 0 _aتاريخ المدارس فى مصر الاسلامية(51) /
_cعبدالعظيم رمضان
260 _aالقاهرة :
_bالهيئة المصرية العامة للكتاب ،
_c1992
300 _a494 ص ؛
_c20سم
490 _aتاريخ المصريين
_v0
650 0 4 _aالتعليم
650 0 4 _aالحضارة الاسلامية
650 0 4 _aالمكتبات المدرسية
650 0 4 _aالمدارس الاسلامية
650 0 4 _aالمدارس - مصر
942 _2ddc
_cBK
999 _c52738
_d52738